Agendas, alternatives and public policies
محفوظ في:
| المؤلف الرئيسي: | |
|---|---|
| التنسيق: | كتاب |
| منشور في: |
London :
Pearson,
c2014
|
| سلاسل: | Pearson New International Edition
|
| الموضوعات: | |
| الوسوم: |
إضافة وسم
لا توجد وسوم, كن أول من يضع وسما على هذه التسجيلة!
|
MARC
| LEADER | 00000nam a2200000 4500 | ||
|---|---|---|---|
| 020 | |a 9781292039206 | ||
| 040 | |a MUL |b eng. |e AACR | ||
| 082 | |a 320.9730904 KIN | ||
| 100 | |a Kingdon, John W. | ||
| 245 | |a Agendas, alternatives and public policies |c / John W. Kingdon | ||
| 260 | |a London : |b Pearson, |c c2014 | ||
| 300 | |a ii, 235 p. : |b ill. ; |c 26 cm. | ||
| 440 | |a Pearson New International Edition | ||
| 504 | |a Includes index | ||
| 546 | |a eng | ||
| 650 | |a Political streams | ||
| 650 | |a Policy | ||
| 942 | |c BK | ||
| 999 | |c 10571 |d 10571 | ||